| 000 | 00635nam a2200241Ia 4500 | ||
|---|---|---|---|
| 003 | OSt | ||
| 005 | 20221007101159.0 | ||
| 006 | a|||||r|||| 00| 0 | ||
| 007 | ta | ||
| 008 | 221006b |||||||| |||| 00| 0 eng d | ||
| 024 | _a5,984 | ||
| 037 | _cTextual | ||
| 040 |
_aLCO _cLCO _beng |
||
| 041 |
_2eng _aeng |
||
| 082 | _aZ,8,530aO111,2J64, L2 | ||
| 100 | _aPHILLIPS O HOOD | ||
| 245 | 0 | _aShakespeare &The Lawyers. | |
| 260 |
_aLondon _bMethuen & Co. _c1972 |
||
| 300 | _a214 | ||
| 650 |
_aLAWYERS _9702575 |
||
| 942 |
_hZ,8,530aO111,2J64, L2 _cTEXL |
||
| 999 |
_c1175547 _d1175547 |
||